000 00901nam a2200241 4500
005 20180803170310.0
008 160622t2012 ck ao|||r|||| 00| 0 spa d
020 _a9789588753010
040 _aCO-BoIAVH
_cCO-BoIAVH
041 0 _aspa
044 _ack
082 0 4 _a636.2083
_bM27g
245 0 0 _aManejo de ganadería sostenible en trópico alto :
_buna alternativa para mejorar la sosteniblidad y competitividad de la ganadería /
_ceditado por Roberto León Gómez
260 _aBogotá, Colombia :
_bFundación Natura,
_c2012.
300 _a91 páginas :
_bilustraciones a color y fotografías a color ;
_c24 x 17 cm.
504 _aIncluye referencias bibliográficas.
650 1 6 _aSistemas silvopascícolas
650 2 6 _aCerca viva
650 2 6 _aForrajes
650 2 6 _aGanadería
700 1 _aLeón Gómez, Roberto
_eeditor
942 _2ddc
_cLIBRO
999 _c18811
_d18811